[Event "World Cup Rapid Chess"]
[Site "Cannes"]
[Date "2001.03.24"]
[Round "8.3"]
[White "Grischuk, Alexander"]
[Black "Gurevich, Mikhail"]
[Result "0-1"]
[WhiteElo "2676"]
[BlackElo "2693"]
[PlyCount "106"]
[EventDate "2001.03.??"]

1. e4 e6 2. d4 d5 3. e5 c5 4. c3 Qb6 5. Nf3 Bd7 6. a3 a5 7. Be2 a4 8. O-O Nc6
9. Bd3 cxd4 10. cxd4 Nxd4 11. Nxd4 Qxd4 12. Nc3 Qb6 13. Qg4 Ne7 14. Be3 Qa5 15.
Qg3 Nc6 16. Nb5 Nxe5 17. Qxe5 Bxb5 18. Bxb5+ Qxb5 19. Rac1 Qd7 20. Rc7 Qd6 21.
Qc3 Be7 22. Qxg7 Qxc7 23. Qxh8+ Bf8 24. Rc1 Qd6 25. h4 Kd7 26. Qxh7 Ke8 27. Qg8
Qe5 28. h5 Qg7 29. Qxg7 Bxg7 30. Rc2 d4 31. Bg5 Kd7 32. h6 Bh8 33. Kf1 Ra5 34.
Bd2 Rb5 35. Bb4 Rh5 36. Ke2 Rxh6 37. Bd2 Rg6 38. g3 e5 39. Rc4 Ra6 40. Bb4 Bf6
41. Rc5 Rc6 42. Rb5 b6 43. Kd3 Ke6 44. f4 Bg7 45. Ke4 f5+ 46. Kd3 e4+ 47. Kd2
d3 48. Bc3 Bxc3+ 49. bxc3 Kf6 50. Re5 Re6 51. Rxe6+ Kxe6 52. c4 Kd6 53. Kc3 Kc5
0-1

[Event "World Cup Rapid Chess"]
[Site "Cannes"]
[Date "2001.03.24"]
[Round "8.4"]
[White "Gurevich, Mikhail"]
[Black "Grischuk, Alexander"]
[Result "0-1"]
[WhiteElo "2693"]
[BlackElo "2676"]
[PlyCount "132"]
[EventDate "2001.03.??"]

1. c4 Nf6 2. Nc3 g6 3. d4 Bg7 4. Bg5 O-O 5. e3 b6 6. Be2 Bb7 7. Bf3 Nc6 8. Nge2
d6 9. h3 e6 10. Ne4 Na5 11. Nxf6+ Bxf6 12. Bxf6 Qxf6 13. Bxb7 Nxb7 14. O-O Rfd8
15. Nc3 c5 16. d5 e5 17. Qd2 Qe7 18. e4 Rf8 19. Rae1 Nd8 20. g3 Qd7 21. Kg2 f6
22. f4 exf4 23. gxf4 Nf7 24. Kh2 Rae8 25. Rg1 f5 26. Qd3 fxe4 27. Rxe4 Nh6 28.
Rge1 Nf5 29. Rxe8 Rxe8 30. Rxe8+ Qxe8 31. Qe4 Qxe4 32. Nxe4 Kf8 33. b3 Ke7 34.
Kg2 Nd4 35. Kf2 Nc2 36. Kf3 Nb4 37. Nc3 a6 38. Ke4 Nc2 39. Kf3 Nd4+ 40. Ke4 Nf5
41. Kf3 Kd7 42. Kg4 Ke7 43. Kf3 Nd4+ 44. Ke4 Kd7 45. Ke3 b5 46. cxb5 axb5 47.
Kd3 b4 48. Ne4 Ke7 49. Ng5 h6 50. Ne4 Nf5 51. Nd2 Ng3 52. Nc4 Nh5 53. Ke4 Nf6+
54. Kd3 Nxd5 55. Ke4 Nc3+ 56. Kd3 Nxa2 57. Ne3 Nc3 58. Kc4 Ke6 59. h4 h5 60.
f5+ gxf5 61. Ng2 Ke5 62. Ne1 Ke4 63. Nd3 d5+ 64. Kxc5 Kxd3 65. Kxb4 f4 66. Kc5
f3 0-1

[Event "World Cup Rapid Chess"]
[Site "Cannes"]
[Date "2001.03.24"]
[Round "8.5"]
[White "Gurevich, Mikhail"]
[Black "Grischuk, Alexander"]
[Result "1-0"]
[WhiteElo "2693"]
[BlackElo "2676"]
[PlyCount "87"]
[EventDate "2001.03.??"]

1. c4 e6 2. d4 d5 3. Nf3 c6 4. Qc2 dxc4 5. Qxc4 Nf6 6. Bg5 b5 7. Qc2 Bb7 8. e3
Nbd7 9. Bd3 h6 10. Bh4 a6 11. a4 Bb4+ 12. Nbd2 c5 13. Bxf6 Nxf6 14. axb5 Bxf3
15. gxf3 O-O 16. dxc5 axb5 17. Rxa8 Qxa8 18. Ke2 Rc8 19. Nb3 Nd7 20. Be4 Qb8
21. c6 Ne5 22. Nd4 Qb6 23. f4 Ng4 24. Qd3 Bc5 25. Bf3 Nf6 26. Rc1 b4 27. Qc4
Bxd4 28. Qxd4 Qa5 29. Rc4 b3 30. Qc3 Qb5 31. Ke1 Nd5 32. Bxd5 Qxd5 33. c7 Qh1+
34. Ke2 Qxh2 35. Rd4 Qh5+ 36. Kd2 Qh4 37. Ke1 Qh1+ 38. Ke2 Qh5+ 39. Kd3 Qd1+
40. Ke4 Qh1+ 41. Ke5 Qh5+ 42. Kd6 Qb5 43. Qc6 Qb4+ 44. Rxb4 1-0

[Event "World Cup Rapid Chess"]
[Site "Cannes"]
[Date "2001.03.24"]
[Round "8.6"]
[White "Grischuk, Alexander"]
[Black "Gurevich, Mikhail"]
[Result "1-0"]
[WhiteElo "2676"]
[BlackElo "2693"]
[PlyCount "171"]
[EventDate "2001.03.??"]

1. e4 e6 2. d4 d5 3. e5 c5 4. c3 Qb6 5. Nf3 Bd7 6. a3 a5 7. Be2 a4 8. O-O Nc6
9. Bd3 Na5 10. Bc2 Nc4 11. Ra2 Ne7 12. Re1 Nc6 13. Bxa4 N6xe5 14. Bxd7+ Nxd7
15. b3 Nd6 16. c4 dxc4 17. d5 Qxb3 18. dxe6 fxe6 19. Rxe6+ Kd8 20. Rc2 Ra6 21.
Nc3 Nb5 22. Bg5+ Kc7 23. Nd5+ Kb8 24. Rxa6 bxa6 25. Bf4+ Bd6 26. Bxd6+ Nxd6 27.
Ne3 Kc7 28. Nd2 Qd3 29. Qc1 Nb6 30. Ndxc4 Nbxc4 31. Nxc4 Nxc4 32. Rxc4 Rd8 33.
Rxc5+ Kb6 34. Rc6+ Kb7 35. Rc7+ Kb8 36. g3 Qd1+ 37. Kg2 Qxc1 38. Rxc1 Rd3 39.
a4 Rd4 40. Re1 Rxa4 41. Re7 Rb4 42. Rxg7 a5 43. Rxh7 a4 44. Rh5 Kb7 45. h4 Kb6
46. Rh8 Kb7 47. Re8 a3 48. Re2 Rb2 49. Re3 a2 50. Ra3 Kc6 51. g4 Kd5 52. h5 Ke5
53. Ra4 Rb4 54. Ra5+ Kf4 55. Rxa2 Kxg4 56. Ra5 Rb6 57. f3+ Kh4 58. Kf2 Re6 59.
h6 Rxh6 60. Ke3 Rf6 61. f4 Rb6 62. Ke4 Rb4+ 63. Kf5 Rb8 64. Kg6 Kg4 65. f5 Rg8+
66. Kf7 Rg5 67. Ke6 Kh5 68. Ra1 Rg2 69. Ra8 Kh6 70. f6 Re2+ 71. Kf7 Kh7 72. Ra1
Rh2 73. Rd1 Rh3 74. Re1 Rh2 75. Ke7 Kg6 76. Rg1+ Kh7 77. f7 Re2+ 78. Kf8 Rh2
79. Re1 Rf2 80. Ke8 Kg7 81. Rg1+ Kh7 82. f8=Q Rxf8+ 83. Kxf8 Kh6 84. Kf7 Kh5
85. Rg8 Kh4 86. Kf6 1-0

[Event "World Cup Rapid Chess"]
[Site "Cannes"]
[Date "2001.03.24"]
[Round "8.7"]
[White "Grischuk, Alexander"]
[Black "Gurevich, Mikhail"]
[Result "1-0"]
[WhiteElo "2676"]
[BlackElo "2693"]
[PlyCount "125"]
[EventDate "2001.03.??"]

1. e4 e6 2. d4 d5 3. e5 c5 4. c3 Qb6 5. Nf3 Bd7 6. a3 a5 7. Be2 a4 8. O-O Nc6
9. Bd3 Na5 10. Bc2 Nc4 11. Ra2 Ne7 12. Re1 Bb5 13. Nbd2 Nxd2 14. Bxd2 Nc6 15.
Be3 Bc4 16. Ra1 Qxb2 17. Rb1 Qxc3 18. Rxb7 Ba6 19. Rc7 Rc8 20. Rxc6 Rxc6 21.
Bxa4 Bb7 22. Qb1 Qa5 23. Bxc6+ Bxc6 24. dxc5 Be7 25. Nd4 Kd7 26. Nxc6 Kxc6 27.
Rc1 Rc8 28. Qxh7 Bf8 29. Rb1 Rb8 30. Rf1 Qxa3 31. Qg8 Qa7 32. h4 g6 33. Qh8 Qb7
34. Qf6 Ra8 35. Qf4 Bg7 36. Qd4 Ra2 37. g3 Qb2 38. Qf4 Ra7 39. Qg5 Qxe5 40. Qd8
Qc7 41. Qe8+ Qd7 42. Qb8 Qc7 43. Qb3 Qb7 44. Qc2 Qb4 45. Kh2 Ra3 46. Rb1 Qc3
47. Rb6+ Kd7 48. Qb1 Ke7 49. Rb7+ Kf6 50. Bg5+ Ke5 51. Rxf7 Ra1 52. Qb8+ Kd4
53. Qf4+ Kd3 54. Qe3+ Kc2 55. Qxc3+ Bxc3 56. c6 Ra6 57. g4 Rxc6 58. h5 e5 59.
h6 e4 60. h7 Bf6 61. Rxf6 Rc7 62. Rd6 Kd3 63. Kg3 1-0

[Event "World Cup Rapid Chess"]
[Site "Cannes"]
[Date "2001.03.24"]
[Round "9.4"]
[White "Grischuk, Alexander"]
[Black "Kasparov, Garry"]
[Result "0-1"]
[WhiteElo "2676"]
[BlackElo "2849"]
[PlyCount "78"]
[EventDate "2001.03.??"]

1. e4 c5 2. Nf3 d6 3. d4 cxd4 4. Nxd4 Nf6 5. Nc3 a6 6. f3 e6 7. Be3 b5 8. g4
Nfd7 9. Qd2 Nb6 10. O-O-O N8d7 11. Qf2 Bb7 12. Bd3 Rc8 13. Nce2 Nc5 14. Kb1
Nba4 15. h4 Qc7 16. Rc1 d5 17. e5 Qxe5 18. f4 Qd6 19. g5 Be7 20. h5 f5 21. Nf3
Ne4 22. Bxe4 dxe4 23. Ne5 Bd5 24. Rh3 Nxb2 25. Bd4 Na4 26. h6 gxh6 27. g6 hxg6
28. Nxg6 Rg8 29. Nxe7 Qxe7 30. Ka1 Kd7 31. Qe1 Rg2 32. Re3 Rc4 33. Be5 Qb4 34.
Qh4 Rxe2 35. Ra3 Qxa3 36. Rg1 Rc3 37. Rg7+ Kc6 38. Rc7+ Kb6 39. Bd4+ Kxc7 0-1

[Event "World Cup Rapid Chess"]
[Site "Cannes"]
[Date "2001.03.25"]
[Round "10.2"]
[White "Kasparov, Garry"]
[Black "Bareev, Evgeny"]
[Result "1-0"]
[WhiteElo "2849"]
[BlackElo "2704"]
[PlyCount "87"]
[EventDate "2001.03.??"]

1. e4 e6 2. d4 d5 3. Nd2 c5 4. Ngf3 Nc6 5. exd5 exd5 6. Bb5 Bd6 7. dxc5 Bxc5 8.
O-O Nge7 9. Nb3 Bd6 10. Re1 O-O 11. Bg5 h6 12. Bh4 Bg4 13. Bg3 a6 14. Be2 Re8
15. Nfd4 Bxe2 16. Rxe2 Qd7 17. Bxd6 Qxd6 18. Qe1 Kf8 19. Qc3 Nxd4 20. Nxd4 Nc6
21. Rae1 Qb4 22. Qxb4+ Nxb4 23. Kf1 Rxe2 24. Kxe2 Re8+ 25. Kd2 Rxe1 26. Kxe1
Ke7 27. Kd2 g6 28. a3 Nc6 29. Nxc6+ bxc6 30. c4 Kd6 31. Kd3 a5 32. b3 Kc5 33.
cxd5 Kxd5 34. Kc3 h5 35. h4 f6 36. Kd3 g5 37. g3 gxh4 38. gxh4 f5 39. f3 Ke5
40. Ke3 c5 41. f4+ Kd6 42. Kd2 Kc6 43. Kc3 Kb5 44. Kd3 1-0